000 00272nam a2200133 4500
008 211019b ||||| |||| 00| 0 eng d
041 _aeng
080 _a821
082 _a821
100 _a21
101 _aGJL
245 _aJulian a novel
_cVidal,G
942 _2ddc
_cBK
999 _c58275
_d58275